| 000 | 00966nas a2200229 454500 | ||
|---|---|---|---|
| 001 | 57229 | ||
| 005 | 20260407193512.0 | ||
| 008 | 260407s2005####ag###########|||spa#d | ||
| 003 | AR-UNSa-BCEJYS | ||
| 040 |
_aAR-UNSa-BCEJYS _bspa _cAR-UNSa-BCEJYS |
||
| 080 |
_a330.1 _xCiencia económica. Conceptos fundamentales de teoría económica. Valor. Capital. Fondos |
||
| 245 | 1 | 0 |
_aTheoretical economics _pJournal of the econometric society |
| 022 | _a1933-6837 | ||
| 264 | 1 |
_aNew Haven : _bCowles Foundation _c2005 |
|
| 310 | _aFrecuencia: Trimestral Cambia de director a partir del 2013 por George J. Mailath Cambia de director a partir del 2017 por Ran Spiegler Cambia de director a partir del 2022 por Simon Board | ||
| 041 | _aspa | ||
| 942 | _cSER | ||
| 590 | _aniveau_biblio:s niveau_hierar:1 | ||
| 100 | 1 | _aOsborne, Martin J. | |
| 650 | _aTEORIA ECONOMICA | ||
| 856 | 4 | 1 |
_uhttps://biblioeco.unsa.edu.ar/pmb/images/revistas/R20804.jpg _yImagen de portada _qimage/jpeg |
| 999 |
_c8981 _d8981 |
||